000 00775nam a22002297a 4500
999 _c602
_d602
001 602
003 BD-JhCC
005 20171022132253.0
008 171007s2003 bg a|||| |||| 000 0 ben d
020 _a9848682260
035 _a(BD-JhCC)602
040 _aBD-JhCC
_dBD-JhCC
041 _aben
082 _a891.4435
_bAHM 2003
100 _aআহমেদ, হুমায়ূন
245 _aবোকা রাজার সোনার সিংহাসন /
_cহুমায়ূন আহমেদ
260 _aঢাকা:
_bঅন্যপ্রকাশ প্রকাশনী,
_c২০০৩.
300 _a14 পৃ.:
_bill. ;
_c২৩ সেমি.
650 _aShort Story, bengali
_vJuvinile Story
942 _2ddc
_cBK